[Event "German Bundesliga 2021-22"]
[Site "Germany"]
[Date "2022.03.06"]
[Round "2.5"]
[White "Maze, Sebastien"]
[Black "Neef, Maximilian"]
[Result "1/2-1/2"]
[WhiteElo "2527"]
[BlackElo "2504"]
[Annotator "ChessBase"]
[PlyCount "98"]
[EventDate "2022.03.05"]
[EventType "team-tourn"]
[EventCountry "GER"]
[SourceTitle "playchess.com"]
[Source "ChessBase"]
[SourceQuality "1"]
[TimeControl "40/5400+30:1800+30"]

1. d4 {[%emt 0:00:00]} Nf6 {[%emt 0:00:00]} 2. c4 {[%emt 0:00:00]} g6 {[%emt 0:00:00]} 3. Nc3 {[%emt 0:00:00]} Bg7 {[%emt 0:00:00]} 4. e4 {[%emt 0:00:00]} d6 {[%emt 0:00:00]} 5. h3 {[%emt 0:00:00]} O-O {[%emt 0:00:00]} 6. Be3 {[%emt 0:00:00]} Na6 {[%emt 0:00:00]} 7. g4 {[%emt 0:00:00]} c5 {[%emt 0:00:00]} 8. Nge2 {[%emt 0:00:00]} cxd4 {[%emt 0:00:00]} 9. Nxd4 {[%emt 0:00:00]} b6 {[%emt 0:00:00]} 10. Bg2 {[%emt 0:00:00]} Bb7 {[%emt 0:00:00]} 11. O-O {[%emt 0:00:00]} Nc5 {[%emt 0:00:00]} 12. Qc2 {[%emt 0:00:00]} Rc8 {[%emt 0:00:00]} 13. Rad1 {[%emt 0:00:00]} Nfd7 {[%emt 0:00:00]} 14. b3 {[%emt 0:00:00]} a6 {[%emt 0:04:05]} 15. a4 {[%emt 0:10:32]} Ba8 {[%emt 0:12:22]} 16. Rd2 {[%emt 0:08:14]} Re8 {[%emt 0:06:59]} 17. Rfd1 {[%emt 0:07:33]} Qc7 {[%emt 0:06:39]} 18. f4 {[%emt 0:07:31]} Qb8 {[%emt 0:09:39]} 19. Nde2 {[%emt 0:28:56]} Nf6 {[%emt 0:16:12]} 20. Ng3 {[%emt 0:04:24]} h6 {[%emt 0:05:02]} 21. Bf3 {[%emt 0:04:25]} Bc6 {[%emt 0:06:41]} 22. Rf1 {[%emt 0:07:17]} Qa8 {[%emt 0:07:37]} 23. Rdf2 {[%emt 0:03:16]} Ncd7 {[%emt 0:04:23]} 24. Qd3 {[%emt 0:07:15]} Nc5 {[%emt 0:02:31]} 25. Qc2 {[%emt 0:03:42]} Ncd7 {[%emt 0:00:08]} 26. b4 {[%emt 0:04:47]} b5 {[%emt 0:04:32]} 27. h4 {[%emt 0:00:55]} Bb7 {[%emt 0:03:14]} 28. Be2 {[%emt 0:00:04]} Rxc4 {[%emt 0:03:06]} 29. Bxc4 {[%emt 0:00:03]} bxc4 {[%emt 0:00:10]} 30. Qe2 {[%emt 0:04:54]} Nxe4 {[%emt 0:02:26]} 31. Ncxe4 {[%emt 0:00:18]} Bxe4 {[%emt 0:00:07]} 32. Qxc4 {[%emt 0:00:13]} Bd5 {[%emt 0:02:45]} 33. Qe2 {[%emt 0:00:57]} Rc8 {[%emt 0:01:02]} 34. Rc1 {[%emt 0:01:11]} Rxc1+ {[%emt 0:02:42]} 35. Bxc1 {[%emt 0:00:01]} Qc6 {[%emt 0:00:08]} 36. Bb2 {[%emt 0:00:03]} Bxb2 {[%emt 0:00:38]} 37. Qxb2 {[%emt 0:00:02]} Qxa4 {[%emt 0:00:12]} 38. Rc2 {[%emt 0:02:02]} e5 {[%emt 0:04:20]} 39. g5 {[%emt 0:00:13]} hxg5 {[%emt 0:01:12]} 40. fxg5 {[%emt 0:00:03]} a5 {[%emt 0:00:51]} 41. Rd2 {[%emt 0:00:00]} Nb6 {[%emt 0:00:00]} 42. bxa5 {[%emt 0:00:00]} Qxa5 {[%emt 0:00:00]} 43. h5 {[%emt 0:00:00]} Qa7 {[%emt 0:00:00]} 44. Rf2 {[%emt 0:00:00]} Nc4 {[%emt 0:00:00]} 45. Qc3 {[%emt 0:00:00]} Qe7 {[%emt 0:05:34]} 46. hxg6 {[%emt 0:00:00]} Qxg5 {[%emt 0:04:11]} 47. gxf7+ {[%emt 0:00:00]} Bxf7 {[%emt 0:01:28]} 48. Rxf7 {[%emt 0:00:00]} Kxf7 {[%emt 0:00:11]} 49. Qxc4+ {[%emt 0:00:00]} Kf6 {[%emt 0:00:17]} 1/2-1/2

[Event "German Bundesliga 2021-22"]
[Site "Germany"]
[Date "2022.03.06"]
[Round "2.6"]
[White "Heimann, Andreas"]
[Black "Pruijssers, Roeland"]
[Result "1/2-1/2"]
[WhiteElo "2581"]
[BlackElo "2565"]
[Annotator "TA"]
[PlyCount "41"]
[EventDate "2022.03.05"]
[EventType "team-tourn"]
[EventCountry "GER"]
[SourceTitle "playchess.com"]
[Source "ChessBase"]
[SourceQuality "1"]

{[%evp 13,41,33,16,2,12,12,7,18,0,12,0,0,2,0,0,0,0,0,0,-15,0,0,0,0,0,0,0,4,45,43]} 1. d4 {Sadorra,Julio} Nf6 2. c4 e6 3. Nf3 d5 4. g3 dxc4 5. Bg2 Nc6 6. Qa4 Bb4+ 7. Bd2 Nd5 8. Qb5 {E04: Open Catalan: 5 Nf3.} Bxd2+ 9. Nbxd2 c3 10. bxc3 {The position is equal.} Nxc3 11. Qb2 {11.Qb3 is a critical line.} Na4 12. Qc2 Nb6 {[#]} 13. O-O $146 ({Predecessor:} 13. e3 O-O 14. O-O Qe7 15. Rac1 Rd8 16. Nb3 Rb8 17. Nc5 Nd5 18. a3 h6 19. Rfe1 {0-1 (57) Harikrishna,P (2755)-Bu,X (2723) Danzhou 2016 CBM 174 [Sadorra,Julio]}) 13... Nxd4 14. Nxd4 Qxd4 15. Rfd1 O-O 16. Ne4 Qe5 17. f4 Qh5 18. Bf3 Qg6 19. Qxc7 {Black should prevent Rd8.} Nd5 20. Qe5 a5 (20... Bd7 $11 {might be stronger.}) 21. Nd6 {Weighted Error Value: White=0.04 (flawless) /Black=0.03 (flawless)} 1/2-1/2

[Event "German Bundesliga 2021-22"]
[Site "Germany"]
[Date "2022.03.06"]
[Round "2.6"]
[White "Maiwald, Jens-Uwe"]
[Black "Libiszewski, Fabien"]
[Result "0-1"]
[WhiteElo "2430"]
[BlackElo "2505"]
[Annotator "ChessBase"]
[PlyCount "74"]
[EventDate "2022.03.05"]
[EventType "team-tourn"]
[EventCountry "GER"]
[SourceTitle "playchess.com"]
[Source "ChessBase"]
[SourceQuality "1"]
[TimeControl "40/5400+30:1800+30"]

1. d4 {[%emt 0:00:00]} Nf6 {[%emt 0:00:00]} 2. Nf3 {[%emt 0:00:00]} g6 {[%emt 0:00:00]} 3. Bg5 {[%emt 0:00:00]} Bg7 {[%emt 0:00:00]} 4. Nbd2 {[%emt 0:00:00]} O-O {[%emt 0:00:00]} 5. c3 {[%emt 0:00:00]} d6 {[%emt 0:00:00]} 6. e4 {[%emt 0:00:00]} c5 {[%emt 0:00:00]} 7. dxc5 {[%emt 0:00:00]} dxc5 {[%emt 0:00:00]} 8. Bc4 {[%emt 0:00:00]} Nc6 {[%emt 0:00:00]} 9. Qe2 {[%emt 0:00:00]} Na5 {[%emt 0:15:15]} 10. e5 {[%emt 0:03:39]} Nd5 {[%emt 0:06:06]} 11. Rd1 {[%emt 0:02:34]} Be6 {[%emt 0:04:52]} 12. Bxd5 {[%emt 0:02:54]} Bxd5 {[%emt 0:05:01]} 13. Ne4 {[%emt 0:01:00]} f6 {[%emt 0:04:28]} 14. Bc1 {[%emt 0:29:16]} b6 {[%emt 0:04:59]} 15. b3 {[%emt 0:03:59]} f5 {[%emt 0:04:36]} 16. Neg5 {[%emt 0:02:14]} Qd7 {[%emt 0:02:47]} 17. Nxh7 {[%emt 0:27:07]} Kxh7 {[%emt 0:13:00]} 18. Ng5+ {[%emt 0:00:06]} Kg8 {[%emt 0:00:05]} 19. c4 {[%emt 0:01:55]} Bxc4 {[%emt 0:01:12]} 20. bxc4 {[%emt 0:05:07]} Qa4 {[%emt 0:12:33]} 21. O-O {[%emt 0:05:06]} Qxc4 {[%emt 0:01:45]} 22. Qf3 {[%emt 0:00:15]} Bh6 {[%emt 0:00:22]} 23. Rd7 {[%emt 0:07:25]} Rad8 {[%emt 0:06:52]} 24. e6 {[%emt 0:03:15]} Rxd7 {[%emt 0:02:42]} 25. exd7 {[%emt 0:00:03]} Rd8 {[%emt 0:00:07]} 26. Qg3 {[%emt 0:02:38]} Bxg5 {[%emt 0:13:36]} 27. Qc7 {[%emt 0:01:09]} Rxd7 {[%emt 0:02:32]} 28. Qxd7 {[%emt 0:00:06]} Bxc1 {[%emt 0:00:21]} 29. Qe8+ {[%emt 0:00:21]} Kg7 {[%emt 0:00:02]} 30. Qxe7+ {[%emt 0:00:07]} Kh6 {[%emt 0:00:14]} 31. Qf8+ {[%emt 0:01:50]} Kh5 {[%emt 0:00:13]} 32. Qh8+ {[%emt 0:00:43]} Bh6 {[%emt 0:00:14]} 33. h3 {[%emt 0:01:52]} Qd4 {[%emt 0:01:37]} 34. Qe8 {[%emt 0:00:08]} Bg7 {[%emt 0:00:58]} 35. Re1 {[%emt 0:00:42]} Nc4 {[%emt 0:00:54]} 36. Qe2+ {[%emt 0:01:47]} Kh6 {[%emt 0:00:08]} 37. Rc1 {[%emt 0:01:08]} Ne5 {[%emt 0:00:25]} 0-1

[Event "German Bundesliga 2021-22"]
[Site "Germany"]
[Date "2022.03.16"]
[Round "2.6"]
[White "Sorensen, Hampus"]
[Black "Gavrilescu, David"]
[Result "1/2-1/2"]
[WhiteElo "2367"]
[BlackElo "2512"]
[Annotator "TA"]
[PlyCount "87"]
[EventDate "2022.03.05"]
[EventType "team-tourn"]
[EventCountry "GER"]

{[%evp 9,87,20,28,22,22,15,5,11,13,16,14,13,8,6,5,8,8,0,0,0,0,0,0,-37,-15,-33,0,0,0,0,0,-20,0,-7,0,0,0,0,0,0,0,0,12,-31,-15,-35,17,0,0,0,18,-24,-24,-40,-42,-42,-24,-27,-16,-13,-13,-33,-12,-9,0,-13,0,0,0,0,1,0,30,0,0,0,0,0,0,5]} 1. d4 d5 2. c4 e6 3. Nc3 a6 4. cxd5 exd5 5. Nf3 c6 6. Qc2 {D31: Queen's Gambit Declined: Semi-Slav without ...Nf6 (+ Marshall Gambit and Noteboom) and Exchange Variation lines without ...Nf6.} Bd6 7. Bg5 Ne7 8. e3 f6 9. Bh4 Bf5 10. Qb3 Nd7 11. Bg3 Bxg3 12. hxg3 Qb6 13. Qa3 a5 14. Nh4 Be6 {[#]} 15. Bd3 $146 {[%cal Oh4g6]} ({Predecessor:} 15. b3 Qb4 16. Qb2 g5 17. a3 Qd6 18. Nf3 Bf5 19. Be2 O-O 20. Nd2 Qe6 21. Rc1 {½-½ (53) Hermesmann,H (2245)-Stertenbrink,G (2280) Germany 1989}) 15... Kf7 {To avoid Ng6} 16. Ke2 Qb4 17. Qb3 Qxb3 (17... c5 {with more complications.} 18. Qc2 cxd4 19. a3 Qb6 20. exd4 Nc6) 18. axb3 g5 19. Nf3 h5 20. Ra3 b6 21. Ne1 Rag8 22. Nc2 h4 23. gxh4 Rxh4 24. Rxh4 gxh4 25. Kf1 Bg4 {[%cal Og4f3]} 26. Be2 (26. Ne2 $11) 26... Bf5 (26... h3 $5 {[%cal Rh3h2]} 27. g3 Bf5 $11) 27. Ne1 Nc8 ({Black should try} 27... h3 $15 28. g3 Be4 29. Nxe4 dxe4) 28. Nd3 Nd6 29. Nf4 Nf8 30. Ra1 (30. Bd3 {is superior.}) 30... Ne6 $11 {With the idea ...Nxf4.} 31. Nxe6 (31. Bh5+ {keeps more tension.} Ke7 32. Nce2 Ne4 33. b4 axb4 34. Ra6) 31... Kxe6 32. Rc1 Kd7 33. f3 Re8 34. Kf2 Bg6 35. Rh1 Bc2 36. Rxh4 Bxb3 37. e4 dxe4 38. Nxe4 Ke6 39. Rh6 Rf8 40. g4 {To avoid Nf5} c5 41. dxc5 Nxe4+ {The position is equal.} 42. fxe4 bxc5 43. Ke3 Ke7 44. Rh7+ {Weighted Error Value: White=0.08 (flawless) /Black=0.07 (flawless)} 1/2-1/2

[Event "German Bundesliga 2021-22"]
[Site "Germany"]
[Date "2022.03.06"]
[Round "2.6"]
[White "Rietze, Clemens"]
[Black "Johansson, Linus"]
[Result "1-0"]
[WhiteElo "2279"]
[BlackElo "2473"]
[Annotator "ChessBase"]
[PlyCount "87"]
[EventDate "2022.03.05"]
[EventType "team-tourn"]
[EventCountry "GER"]
[SourceTitle "playchess.com"]
[Source "ChessBase"]
[SourceQuality "1"]
[TimeControl "40/5400+30:1800+30"]

1. d4 {[%emt 0:00:00]} e6 {[%emt 0:00:00]} 2. c4 {[%emt 0:00:00]} d5 {[%emt 0:00:00]} 3. Nf3 {[%emt 0:00:00]} Nf6 {[%emt 0:00:00]} 4. Nc3 {[%emt 0:00:00]} a6 {[%emt 0:00:00]} 5. c5 {[%emt 0:00:00]} b6 {[%emt 0:00:00]} 6. cxb6 {[%emt 0:00:00]} cxb6 {[%emt 0:00:00]} 7. Bf4 {[%emt 0:00:00]} Bd6 {[%emt 0:00:00]} 8. e3 {[%emt 0:00:00]} Bxf4 {[%emt 0:00:00]} 9. exf4 {[%emt 0:00:00]} O-O {[%emt 0:03:22]} 10. Bd3 {[%emt 0:00:00]} b5 {[%emt 0:00:16]} 11. O-O {[%emt 0:02:28]} Nc6 {[%emt 0:01:34]} 12. a4 {[%emt 0:08:08]} b4 {[%emt 0:01:13]} 13. Na2 {[%emt 0:00:36]} Qd6 {[%emt 0:19:37]} 14. Ne5 {[%emt 0:08:11]} Bd7 {[%emt 0:03:35]} 15. Nc1 {[%emt 0:05:27]} Na5 {[%emt 0:03:19]} 16. Nb3 {[%emt 0:17:38]} Nxb3 {[%emt 0:00:26]} 17. Qxb3 {[%emt 0:00:03]} a5 {[%emt 0:01:18]} 18. Rfc1 {[%emt 0:11:09]} Rfc8 {[%emt 0:00:52]} 19. Bb5 {[%emt 0:10:32]} g6 {[%emt 0:07:22]} 20. Qd3 {[%emt 0:02:08]} Rc7 {[%emt 0:13:30]} 21. Bxd7 {[%emt 0:11:11]} Nxd7 {[%emt 0:00:12]} 22. Qb5 {[%emt 0:00:02]} Nxe5 {[%emt 0:00:22]} 23. fxe5 {[%emt 0:00:26]} Qd8 {[%emt 0:00:11]} 24. Rc5 {[%emt 0:02:42]} Rxc5 {[%emt 0:02:28]} 25. dxc5 {[%emt 0:00:21]} Qc7 {[%emt 0:05:59]} 26. c6 {[%emt 0:06:41]} Rb8 {[%emt 0:00:14]} 27. Rc1 {[%emt 0:02:31]} f6 {[%emt 0:12:55]} 28. h4 {[%emt 0:08:46]} fxe5 {[%emt 0:00:24]} 29. Rc5 {[%emt 0:03:08]} Ra8 {[%emt 0:06:27]} 30. Qb7 {[%emt 0:00:45]} Ra7 {[%emt 0:00:22]} 31. Qb5 {[%emt 0:01:03]} Kf7 {[%emt 0:01:19]} 32. h5 {[%emt 0:00:16]} Kf6 {[%emt 0:01:58]} 33. Rc1 {[%emt 0:00:51]} Ra8 {[%emt 0:01:39]} 34. Qc5 {[%emt 0:01:20]} Kg7 {[%emt 0:04:19]} 35. Qe3 {[%emt 0:00:14]} Ra6 {[%emt 0:02:15]} 36. Qc5 {[%emt 0:00:14]} gxh5 {[%emt 0:02:34]} 37. Qb5 {[%emt 0:00:12]} Ra8 {[%emt 0:01:50]} 38. Qe2 {[%emt 0:00:13]} Kg6 {[%emt 0:00:50]} 39. Qb5 {[%emt 0:01:27]} Kf6 {[%emt 0:00:48]} 40. Qe2 {[%emt 0:00:32]} h4 {[%emt 0:02:43]} 41. Qh5 {[%emt 0:00:00]} Ra6 {[%emt 0:00:00]} 42. Qh6+ {[%emt 0:00:00]} Ke7 {[%emt 0:00:00]} 43. Qg7+ {[%emt 0:00:00]} Kd6 {[%emt 0:00:00]} 44. Qf8+ {[%emt 0:00:00]} 1-0

[Event "German Bundesliga 2021-22"]
[Site "Germany"]
[Date "2022.03.16"]
[Round "2.7"]
[White "Meshkovs, Nikita"]
[Black "Stark, Lars"]
[Result "1-0"]
[WhiteElo "2559"]
[BlackElo "2386"]
[Annotator "TA"]
[PlyCount "221"]
[EventDate "2022.03.05"]
[EventType "team-tourn"]
[EventCountry "GER"]

{[%evp 27,221,29,35,29,43,25,45,30,28,26,29,24,34,37,32,23,18,4,9,12,2,6,1,0,9,12,14,13,35,50,45,41,40,0,0,-1,0,-18,3,0,0,-8,-12,-10,32,33,30,30,26,32,34,25,26,26,35,33,30,31,52,37,35,37,38,39,44,38,53,50,66,67,63,52,83,85,81,81,88,79,88,88,89,89,88,88,89,89,129,89,89,88,88,88,88,88,88,88,88,60,66,63,60,62,71,37,93,93,93,93,93,86,86,86,250,251,251,251,251,235,384,125,125,125,125,93,125,125,125,125,125,16,16,9,110,43,110,0,125,110,110,110,110,50,50,44,44,15,125,85,125,125,125,125,125,125,125,125,125,58,65,44,65,65,69,43,74,59,467,444,466,400,344,293,460,435,452,449,893,896,1644,1833,1453,1604,1227,1437,2350,1999,2484,2030,2556,947,1277,1033,12840,12299,29993,29994]} 1. d4 Nf6 2. c4 e6 3. Nf3 d5 4. g3 Bb4+ 5. Bd2 Be7 6. Bg2 O-O 7. O-O Nbd7 8. Bf4 Nh5 9. Bc1 Nhf6 10. Qc2 c6 11. Nbd2 b6 12. e4 Bb7 13. e5 Ne8 14. cxd5 cxd5 15. Re1 {E09: Closed Catalan: Main Line: 7 Qc2 c6 8 Nbd2.} Qc7 16. Qd3 Rc8 17. Nf1 {White is slightly better.} Qc2 18. Qxc2 Rxc2 19. Ne3 Rc8 20. Bd2 Nc7 21. Rac1 Na6 22. a3 Rxc1 23. Rxc1 Rc8 24. Rxc8+ Bxc8 {[#]} 25. Bh3 $146 ({Predecessor:} 25. Nd1 Nc7 26. Bf1 Ba6 27. Ne1 f6 {½-½ (25) Kukov,V (2425)-Nikolov,S (2404) Sofia 2011}) 25... Nab8 26. Ne1 Ba6 27. f4 {[%cal Bf2f4,Bf4f5][%mdl 32]} Nf8 28. f5 Nc6 29. Bc3 Bg5 30. N3g2 Bc8 31. Nf3 Bc1 32. Ngh4 Na5 33. Nd2 Nc6 34. Nb3 Bg5 35. fxe6 $1 fxe6 (35... Bxe6 $11 {is superior.} 36. Bf1 Bg4) 36. Nf3 $14 Be3+ 37. Kf1 Ba6+ 38. Ke1 $1 Bc4 {[#]} 39. Bd2 $1 Bxd2+ 40. Nbxd2 Bd3 41. Kf2 h6 42. Ke3 Ba6 43. Bg4 Kf7 44. h4 Bb5 45. Nb1 Na5 46. Nfd2 Ke7 47. Nc3 Be8 48. b4 {[%cal Bb2b4,Bb4b5][%mdl 32]} Nc6 49. Nb3 Bg6 50. b5 Nd8 51. Kd2 Be8 52. a4 Nb7 53. Na2 Kd7 54. Nb4 {Nxd5 is the strong threat.} Kc7 55. Kc3 Bf7 56. Nd3 {White is more active.} Na5 57. Nd2 {Prevents Nc4.} Kd7 58. Nf1 Ke7 59. Ne3 Bg6 60. Nf4 {[%cal Og4e6]} Be4 61. Kb4 Kf7 62. Bh3 Bf3 63. h5 Nb7 64. Neg2 Nd8 65. Nh4 Be4 (65... Bd1 $14) 66. a5 $16 Nh7 67. a6 Ng5 68. Bg4 Ke8 69. Ne2 Bd3 $2 (69... Kd7 $16) 70. Nc3 $1 $18 Bc2 71. Ng2 Ne4 72. Nf4 $1 Kf7 {[#]} (72... Ng5 $142 73. Ka3 Ne4) 73. Nxe4 $2 (73. Bf5 $1 $18 {[%cal Oc3d5][%mdl 512] And now Ncxd5! would win.} Nxc3 (73... exf5 74. Ncxd5) 74. Bxc2) 73... Bxe4 {[%mdl 4096] Endgame KBN-KBN} 74. Ne2 Ke7 75. Kc3 Bg2 76. Nf4 Bf1 77. Kb4 Bc4 78. Ng6+ (78. Be2 $16 Bxe2 79. Nxe2) 78... Kd7 $11 79. Ka4 Ke8 (79... Bf1 $1 $11 {remains equal.}) 80. Bh3 (80. Nf4 $1 $16) 80... Kd7 (80... Be2 $1 $14) 81. Kb4 ({White should try} 81. Nf4 $16) 81... Ke8 (81... Be2 $1 $11 {keeps the balance.}) 82. Nf4 $16 Ke7 83. Bg4 Kd7 {[#]} 84. Ng2 (84. Bd1 $1 $16) 84... Bd3 $1 $14 85. Ne3 Be4 86. Nd1 Kc7 (86... Nf7 $11) 87. Nb2 Bc2 {[#]} 88. Kc3 $1 Be4 89. Kd2 Bg2 90. Ke2 Be4 91. Ke3 Bg2 92. Kf2 ({White should play} 92. Na4 $16) 92... Be4 93. Bh3 Bc2 94. Ke3 Be4 95. Nc4 Bc2 96. Nd6 Ba4 $2 {[%mdl 8192] White now steadily converts the win.} (96... Bh7 $1 $14) 97. g4 Kd7 98. Kf4 Bd1 99. Bf1 Bc2 (99... Ke7 {was called for.} 100. Nc8+ Kd7 101. Nxb6+ (101. Nxa7 Kc7 $18) 101... Kc7) 100. Be2 $18 Bb1 101. g5 hxg5+ (101... Bh7 $142 102. g6 Bg8) 102. Kxg5 Bc2 103. h6 gxh6+ 104. Kxh6 Bb1 105. Kg7 Bc2 106. Kf6 Bb1 107. Bh5 Bd3 108. Be8+ Kc7 109. Ke7 {aiming for Bd7.} Bf1 110. Bd7 {White wants to mate with Ne8+.} Bh3 111. Ne8+ {Weighted Error Value: White=0.04 (flawless) /Black=0.06 (flawless)} 1-0

[Event "German Bundesliga 2021-22"]
[Site "Germany"]
[Date "2022.03.06"]
[Round "2.7"]
[White "Grigorian, Spartak"]
[Black "Dautov, Rustem"]
[Result "0-1"]
[WhiteElo "2477"]
[BlackElo "2596"]
[Annotator "TA"]
[PlyCount "50"]
[EventDate "2022.03.05"]
[EventType "team-tourn"]
[EventCountry "GER"]
[SourceTitle "playchess.com"]
[Source "ChessBase"]
[SourceQuality "1"]

{[%evp 9,50,20,20,22,24,8,32,29,30,21,28,29,25,16,20,-11,0,0,0,-1,0,-27,-18,-20,-37,-26,-43,-61,-39,-45,0,-12,-13,-15,-13,-33,-43,-138,-127,-713,-687,-1412,-1076]} 1. c4 e6 2. Nc3 d5 3. d4 a6 4. cxd5 exd5 5. Bf4 Nf6 6. e3 {D31: Queen's Gambit Declined: Semi-Slav without ...Nf6 (+ Marshall Gambit and Noteboom) and Exchange Variation lines without ...Nf6.} Bd6 7. Qf3 Be6 (7... Bg4 $5 8. Qg3 Bxf4 9. Qxf4 O-O $11) 8. Bd3 {White is slightly better.} O-O 9. Nge2 {[#]} Bg4 $146 ({Predecessor:} 9... c5 10. dxc5 Bxc5 11. O-O Nc6 12. Rad1 h6 13. h3 Qe7 14. Rfe1 Rfd8 15. Bc2 Rac8 {1-0 (53) Aronyak,G (2445)-Mohammad Fahad,R (2330) Dhaka 2021}) 10. Qg3 Bxe2 11. Nxe2 ({Don't play} 11. Kxe2 Nh5 12. Qh3 Nxf4+ 13. exf4 g6 $17) 11... Bxf4 12. Nxf4 c5 13. dxc5 Qa5+ 14. Ke2 $1 Nbd7 {Threatens to win with ...Ne4.} 15. Rhb1 Qxc5 16. Rc1 Qb6 17. Rc2 Rac8 {Strongly threatening ...Rxc2+.} 18. Rac1 Rxc2+ 19. Rxc2 Nc5 (19... Rd8 $15) 20. Qg5 Nxd3 21. Nxd3 Re8 22. Rc5 Qe6 {White must now prevent ...Ne4.} 23. Nf4 {[#]} ({White should play} 23. Qf4 $15) 23... Qd6 $1 $17 24. Nh5 $2 {[%mdl 8192]} Nxh5 $19 25. Rxd5 {[#]} Qxd5 $3 {[%mdl 512] Weighted Error Value: White=0.83/Black=0.04 (flawless)} 0-1

[Event "German Bundesliga 2021-22"]
[Site "Germany"]
[Date "2022.03.06"]
[Round "2.7"]
[White "Lokander, Martin"]
[Black "Dimitrijeski, Kristian"]
[Result "1-0"]
[WhiteElo "2473"]
[BlackElo "2137"]
[Annotator "ChessBase"]
[PlyCount "71"]
[EventDate "2022.03.05"]
[EventType "team-tourn"]
[EventCountry "GER"]
[SourceTitle "playchess.com"]
[Source "ChessBase"]
[SourceQuality "1"]
[TimeControl "40/5400+30:1800+30"]

1. d4 {[%emt 0:00:00]} d5 {[%emt 0:00:00]} 2. c4 {[%emt 0:00:00]} c6 {[%emt 0:00:00]} 3. Nc3 {[%emt 0:00:00]} Nf6 {[%emt 0:00:00]} 4. Nf3 {[%emt 0:00:00]} a6 {[%emt 0:00:00]} 5. e3 {[%emt 0:00:00]} g6 {[%emt 0:00:00]} 6. Be2 {[%emt 0:00:00]} Bg7 {[%emt 0:00:00]} 7. O-O {[%emt 0:00:00]} O-O {[%emt 0:00:00]} 8. a4 {[%emt 0:00:00]} a5 {[%emt 0:00:00]} 9. b3 {[%emt 0:00:00]} Re8 {[%emt 0:09:22]} 10. Ba3 {[%emt 0:00:43]} Bf5 {[%emt 0:18:23]} 11. cxd5 {[%emt 0:05:34]} Nxd5 {[%emt 0:05:57]} 12. Nxd5 {[%emt 0:01:13]} cxd5 {[%emt 0:01:30]} 13. Bb5 {[%emt 0:00:35]} Bd7 {[%emt 0:01:57]} 14. Qe2 {[%emt 0:04:58]} Nc6 {[%emt 0:04:27]} 15. Rac1 {[%emt 0:00:05]} Rc8 {[%emt 0:02:04]} 16. Bc5 {[%emt 0:00:39]} e6 {[%emt 0:06:44]} 17. h3 {[%emt 0:01:04]} Nb8 {[%emt 0:10:49]} 18. Ne5 {[%emt 0:03:08]} Bxe5 {[%emt 0:06:20]} 19. dxe5 {[%emt 0:00:04]} Bc6 {[%emt 0:03:07]} 20. Bd3 {[%emt 0:03:13]} Nd7 {[%emt 0:01:52]} 21. Bd4 {[%emt 0:00:05]} Qe7 {[%emt 0:05:38]} 22. Qd2 {[%emt 0:01:39]} Ra8 {[%emt 0:04:07]} 23. Rc2 {[%emt 0:01:17]} f6 {[%emt 0:11:25]} 24. exf6 {[%emt 0:01:19]} Nxf6 {[%emt 0:00:06]} 25. Bc3 {[%emt 0:01:01]} Qd8 {[%emt 0:00:49]} 26. f4 {[%emt 0:00:52]} Ne4 {[%emt 0:01:10]} 27. Bxe4 {[%emt 0:00:04]} dxe4 {[%emt 0:00:04]} 28. Qe1 {[%emt 0:02:35]} Qd3 {[%emt 0:02:24]} 29. Rc1 {[%emt 0:01:01]} Bd5 {[%emt 0:01:31]} 30. Bd4 {[%emt 0:01:34]} Rac8 {[%emt 0:03:14]} 31. Qh4 {[%emt 0:00:43]} e5 {[%emt 0:02:03]} 32. Rxc8 {[%emt 0:00:07]} Rxc8 {[%emt 0:00:06]} 33. Bxe5 {[%emt 0:00:44]} Qxe3+ {[%emt 0:00:22]} 34. Kh2 {[%emt 0:00:05]} Qc5 {[%emt 0:01:17]} 35. f5 {[%emt 0:05:14]} Bf7 {[%emt 0:00:40]} 36. Qf6 {[%emt 0:00:16]} 1-0

[Event "German Bundesliga 2021-22"]
[Site "Germany"]
[Date "2022.03.06"]
[Round "2.7"]
[White "Beikert, Guenther"]
[Black "Moehn, Hans"]
[Result "1/2-1/2"]
[WhiteElo "2369"]
[BlackElo "2360"]
[Annotator "NA"]
[PlyCount "41"]
[EventDate "2022.03.05"]
[EventType "team-tourn"]
[EventCountry "GER"]
[SourceTitle "playchess.com"]
[Source "ChessBase"]
[SourceQuality "1"]
[TimeControl "40/5400+30:1800+30"]

1. e4 {[%emt 0:00:00]} e6 {[%emt 0:00:00]} 2. d4 {[%emt 0:00:00]} d5 {[%emt 0:00:00]} 3. Nc3 {[%emt 0:00:00]} dxe4 {[%emt 0:00:00]} 4. Nxe4 {[%emt 0:00:00]} Bd7 {[%emt 0:00:00]} 5. Nf3 {[%emt 0:00:00]} Bc6 {[%emt 0:00:00]} 6. Bd3 {[%emt 0:00:00]} Nd7 {[%emt 0:00:00]} 7. O-O {[%emt 0:00:00]} Ngf6 {[%emt 0:00:00]} 8. Ned2 {[%emt 0:00:00]} Be7 {[%emt 0:00:00]} 9. Re1 {[%emt 0:00:00]} O-O {[%emt 0:00:00]} 10. a4 {[%emt 0:00:00]} a5 {[%emt 0:00:00]} 11. c3 {[%emt 0:02:22]} b6 {[%emt 0:00:00]} 12. Qe2 {[%emt 0:09:03]} Qc8 {[%emt 0:27:27]} 13. Ne4 {[%emt 0:10:18]} Qb7 {[%emt 0:08:40]} 14. Bg5 {[%emt 0:01:27]} Rfe8 {[%emt 0:04:52]} 15. Bxf6 {[%emt 0:02:03]} Nxf6 {[%emt 0:01:27]} 16. Nxf6+ {[%emt 0:00:10]} Bxf6 {[%emt 0:00:37]} 17. Be4 {[%emt 0:00:07]} Bxe4 {[%emt 0:01:27]} 18. Qxe4 {[%emt 0:00:06]} Qxe4 {[%emt 0:00:13]} 19. Rxe4 {[%emt 0:00:06]} Red8 {[%emt 0:00:34]} 20. Kf1 {[%emt 0:02:06]} Rd5 {[%emt 0:00:42]} 21. Ng1 1/2-1/2